000 00725cam a2200205 a 4500
001 000006289
005 20200929153918.0
008 830204s1941 sp b 001 d spa
040 _aDO-SdBNP
_bspa
_cBNPHU
082 _a808.204
_bF297t
100 1 _aFeijóo y Montenegro, Benito Jerónimo,
_d1676-1764.
_915937
245 1 0 _aTeatro crítico universal /
_cBenito Jerónimo Feijóo.
260 _aMadrid :
_bEspasa-Calpe,
_c1941.
300 _av. ;
_c19 cm.
490 1 _aClásicos castellanos
_v48, 53
500 _aLa biblioteca posee los volúmenes 1, 2 y 3.
650 4 _aTeatro español
_xHistoria y crítica
_915506
650 4 _aLiteratura española
_ySIGLO XVIII
_913698
830 0 _aClásicos Castellanos ;
_v48, 53
_94180
999 _c6084
_d6084